01336cam a2200373 4500001000800000003000900008005001700017007000300034008004100037015000600078017000900084020001900093035000600112040003100118080000600149082002500155100003800180245010100218260001200319264004000331300006200371336002700433337003500460338003000495500003100525590002600556600006900582600008600651700003500737910004000772942001200812952012100824999001700945a44373 DO-SdBPM20250729115433.0ta090302s2014 pe a | |||| 001 0 spa  a  a b  a 9786124679926 a  aDO-SdBPMbspacBPMSUe rda a  4a928bV182F 20142 221 aFlores Heredia, Gladys. eautora 10aVallejo para adolescentes / cGladys Flores Heredia ; ilustraciones de Fernando Mamaní h b  a b c  aLima : bCátedra Vallejoc2014.  a151 páginas : bilustraciones, fotografías ; c22 cm atextobtxt2rdacontent asin meciación bn2rdamedia  avolumen bnc2rdacarrier  a Incluye bibliografías.  aInventariado, 2025/VM14aVallejo, Cesar, d1892-1938vBiografíasvLiteratura juvenil. 14aVallejo, Cesar, d1892-1938 xCrítica e interpretación vLiteratura juvenil. 1 aMamani, Fernandoeilustrador.  aVMateo V. Control de calidad BPMSU  2ddccBK 00102ddc708CJ-GaBPMETbBPMETd2025-07-29l0oBPMSU CJG 928 V182F 2014pBPMSU25070070r2025-07-29w2025-07-29yBK c15286d15286